[Event "Essent open"]
[Site "Hoogeveen"]
[Date "2005.10.23"]
[Round "3"]
[White "Wempe, Joost"]
[Black "Vul, Arkadi Eremeevich"]
[Result "1/2-1/2"]
[WhiteElo "2221"]
[BlackElo "2423"]
[PlyCount "113"]
[EventDate "2005.10.21"]

1. d4 d5 2. c4 e6 3. Nf3 c6 4. Nc3 Nf6 5. Bg5 Nbd7 6. cxd5 exd5 7. e3 Bd6 8.
Bd3 Nf8 9. Ne5 Qb6 10. O-O Bxe5 11. dxe5 N6d7 12. Na4 Qa5 13. f4 Ng6 14. e6
fxe6 15. Qh5 O-O 16. Nc3 Nf6 17. Qe2 e5 18. Bxg6 hxg6 19. fxe5 Bg4 20. Qc2 Nd7
21. e6 Bxe6 22. Qxg6 Bf7 23. Qd6 Nb6 24. Be7 Nc8 25. Qc5 Qxc5 26. Bxc5 Re8 27.
Rf3 b6 28. Raf1 bxc5 29. Rxf7 Rxe3 30. Rc7 Ne7 31. Na4 c4 32. b3 c3 33. Nxc3
Rxc3 34. Rxe7 Rf8 35. Rxf8+ Kxf8 36. Rxa7 d4 37. Kf2 Rc2+ 38. Kf3 c5 39. h4 c4
40. bxc4 Rxc4 41. g4 d3 42. Rd7 Ra4 43. Rxd3 Rxa2 44. Rd7 g6 45. Kf4 Ra5 46. g5
Ke8 47. Rd6 Kf7 48. Ke4 Ra4+ 49. Ke5 Rxh4 50. Rd7+ Kg8 51. Kf6 Rf4+ 52. Kxg6
Rf8 53. Kh6 Ra8 54. g6 Rb8 55. Rg7+ Kh8 56. Rf7 Kg8 57. Rg7+ 1/2-1/2

[Event "Essent open"]
[Site "Hoogeveen"]
[Date "2005.10.23"]
[Round "3"]
[White "Dougherty, Michael J"]
[Black "Hoeksema, Erik"]
[Result "0-1"]
[WhiteElo "2212"]
[BlackElo "2401"]
[PlyCount "76"]
[EventDate "2005.10.21"]

1. e4 c5 2. Nf3 d6 3. c3 Nf6 4. h3 g6 5. Bb5+ Bd7 6. Bxd7+ Qxd7 7. Qe2 Qc6 8.
d3 c4 9. Nbd2 cxd3 10. Qxd3 Nbd7 11. Nd4 Qc7 12. O-O Bg7 13. Re1 O-O 14. Nf1
Nc5 15. Qc2 e5 16. Nf3 d5 17. exd5 Nxd5 18. Rd1 Rad8 19. Be3 Nxe3 20. Nxe3 e4
21. Ne1 Qc6 22. Rxd8 Rxd8 23. Rd1 Rd7 24. Rxd7 Nxd7 25. Qb3 Nc5 26. Qd1 Qd7 27.
Qxd7 Nxd7 28. Nd5 f5 29. Kf1 Kf7 30. b3 Ke6 31. Nc7+ Ke7 32. c4 Be5 33. Nd5+
Kd6 34. Nc2 Nc5 35. Nce3 Nd3 36. b4 b6 37. Nc2 Nb2 38. Na3 Nxc4 0-1

[Event "Essent open"]
[Site "Hoogeveen"]
[Date "2005.10.23"]
[Round "3"]
[White "Van der Plas, Rob"]
[Black "Jens, Jelmer"]
[Result "1-0"]
[WhiteElo "2211"]
[BlackElo "2366"]
[PlyCount "65"]
[EventDate "2005.10.21"]

1. d4 Nf6 2. c4 e6 3. Nc3 Bb4 4. Bg5 c5 5. d5 Bxc3+ 6. bxc3 d6 7. e3 Qe7 8. Bd3
Nbd7 9. Ne2 h6 10. Bh4 e5 11. f4 Rg8 12. O-O g5 13. Bf2 Nf8 14. Ng3 Ng6 15.
fxg5 hxg5 16. a4 e4 17. Bb1 Rh8 18. Ra2 Qe5 19. Qc2 Nh4 20. h3 Kf8 21. Be1 Kg7
22. Qf2 Nxg2 23. Qxf6+ Qxf6 24. Rxf6 Nxe1 25. Nxe4 Bxh3 26. Raf2 Raf8 27. Nxg5
Bg4 28. R6f4 Bh5 29. Rf1 Kh6 30. Ne4 Rhg8+ 31. Kf2 Ng2 32. Rf6+ Bg6 33. Kxg2
1-0

[Event "Essent open"]
[Site "Hoogeveen"]
[Date "2005.10.23"]
[Round "3"]
[White "Van Opheusden, Bas"]
[Black "Michielsen, Joost"]
[Result "1/2-1/2"]
[WhiteElo "2190"]
[BlackElo "2362"]
[PlyCount "90"]
[EventDate "2005.10.21"]

1. e4 e6 2. d4 d5 3. Nc3 Bb4 4. e5 c5 5. a3 Bxc3+ 6. bxc3 Ne7 7. Qg4 O-O 8. Bd3
Nbc6 9. Qh5 Ng6 10. Nf3 Qc7 11. Be3 Nce7 12. g4 f6 13. exf6 Rxf6 14. Ne5 c4 15.
Bxg6 Nxg6 16. g5 Rf5 17. Nxg6 Qf7 18. Qg4 Qxg6 19. Qg3 Bd7 20. a4 Raf8 21. f4
a5 22. Kd2 Bc6 23. Qg4 Qe8 24. Rhb1 Qd7 25. Rb2 Bxa4 26. Rba2 b5 27. h4 Qc7 28.
Rf1 Rb8 29. Re1 Qc6 30. Rea1 Qd7 31. Qh3 Qf7 32. Qg4 Qe8 33. Qf3 Kf8 34. Qg4
Ke7 35. Bf2 Kd7 36. Re1 Qf7 37. Bg3 Rf8 38. Rf1 h6 39. Rb1 Kc6 40. Re1 h5 41.
Qh3 Kd7 42. Rf1 Qe8 43. Qh2 Ke7 44. Rfa1 Kf7 45. Qe2 Ke7 1/2-1/2

[Event "Essent open"]
[Site "Hoogeveen"]
[Date "2005.10.23"]
[Round "3"]
[White "Wiersma, Eelke"]
[Black "Hendriks, Richard"]
[Result "1-0"]
[WhiteElo "2431"]
[BlackElo "2157"]
[PlyCount "45"]
[EventDate "2005.10.21"]

1. e4 e5 2. Nf3 Nc6 3. d4 exd4 4. Nxd4 g6 5. Nc3 Bg7 6. Be3 Nf6 7. Qd2 O-O 8.
O-O-O Re8 9. f3 d5 10. Nxc6 bxc6 11. Bg5 Rb8 12. Bc4 Qd6 13. Bb3 Qb4 14. exd5
c5 15. Bxf6 Bxf6 16. Ne4 Rxe4 17. fxe4 Qb6 18. Qf2 c4 19. Qxb6 Rxb6 20. Bxc4
Bxb2+ 21. Kd2 Rb4 22. Rb1 Bd7 23. Rxb2 1-0

[Event "Essent open"]
[Site "Hoogeveen"]
[Date "2005.10.23"]
[Round "3"]
[White "Weisbuch, Udi"]
[Black "Drost, Peter"]
[Result "1-0"]
[WhiteElo "2299"]
[BlackElo "2190"]
[PlyCount "53"]
[EventDate "2005.10.21"]

1. e4 c5 2. Nf3 d6 3. Bb5+ Nd7 4. d4 cxd4 5. Qxd4 Ngf6 6. Bg5 a6 7. Bxf6 gxf6
8. Bxd7+ Qxd7 9. Nc3 Qc6 10. O-O-O Bg4 11. Rd3 Be6 12. Nd5 Bxd5 13. exd5 Qd7
14. Re1 Bg7 15. Nh4 O-O-O 16. g4 Kb8 17. Nf5 Bf8 18. Kb1 h5 19. Rh3 hxg4 20.
Rxh8 Qxf5 21. Qd2 Rc8 22. Rg1 Qf3 23. Qd1 Qxd1+ 24. Rxd1 Bg7 25. Rh7 Rg8 26.
Re1 Bf8 27. Rg1 1-0

[Event "Essent open"]
[Site "Hoogeveen"]
[Date "2005.10.23"]
[Round "3"]
[White "Van Weersel, Arlette"]
[Black "Schuurman, Petra"]
[Result "1/2-1/2"]
[WhiteElo "2174"]
[BlackElo "2279"]
[PlyCount "43"]
[EventDate "2005.10.21"]

1. Nf3 g6 2. g3 Bg7 3. Bg2 c5 4. O-O Nc6 5. d3 e6 6. Nbd2 d6 7. e4 Nge7 8. c3
O-O 9. Re1 Bd7 10. Nf1 Rc8 11. Bf4 Ne5 12. Qd2 N7c6 13. Rad1 Qb6 14. h4 Nxf3+
15. Bxf3 Ne5 16. Bg2 Bb5 17. c4 Bd7 18. Nh2 Qc7 19. b3 Nc6 20. Bh6 e5 21. h5 f6
22. Bxg7 1/2-1/2

[Event "Essent open"]
[Site "Hoogeveen"]
[Date "2005.10.23"]
[Round "3"]
[White "Weeks, Manuel"]
[Black "Rooda, Kai"]
[Result "1/2-1/2"]
[WhiteElo "2268"]
[BlackElo "2132"]
[PlyCount "144"]
[EventDate "2005.10.21"]

1. e4 e5 2. Nf3 Nc6 3. Bb5 a6 4. Ba4 Nf6 5. O-O Be7 6. Re1 b5 7. Bb3 d6 8. c3
O-O 9. h3 Na5 10. Bc2 c5 11. d4 Qc7 12. Nbd2 Re8 13. Nf1 Bb7 14. d5 g6 15. Ng3
Bf8 16. b3 Bg7 17. a4 Reb8 18. axb5 axb5 19. Be3 Bc8 20. Nd2 Bd7 21. Ra2 Nb7
22. Qa1 Qc8 23. Bd3 Rxa2 24. Qxa2 Ra8 25. Qb2 Ra6 26. Ra1 Qa8 27. Rxa6 Qxa6 28.
Nb1 Ne8 29. Qa3 Qxa3 30. Nxa3 Nc7 31. Nf1 f5 32. f3 Bf6 33. Nd2 Bh4 34. Kf1 Kf7
35. b4 Ke7 36. Be2 f4 37. Bg1 Bg3 38. Nb3 c4 39. Nd2 Na8 40. Ndxc4 bxc4 41.
Bxc4 Kd8 42. Ba6 Kc7 43. Nb5+ Bxb5+ 44. Bxb5 Bh4 45. c4 Be7 46. Ke2 Kb8 47. Bc6
Nc7 48. Bf2 Na6 49. Be1 Bd8 50. Kd3 Bb6 51. Kc2 g5 52. Kb3 Kc7 53. Ka4 Nb8 54.
Be8 Bd4 55. Kb5 Nd7 56. h4 h6 57. hxg5 hxg5 58. Bg6 Nf6 59. Bf7 Bg1 60. Bg6 Bd4
61. Bf7 Be3 62. Bg6 Bg1 63. Bf7 Nd8 64. Bg6 Nd7 65. Bh5 Nf6 66. Bg4 Ng8 67. c5
Nb7 68. c6 Nd8 69. Ka6 Ne7 70. Be6 Nc8 71. b5 Nb6 72. Ba5 Bf2 1/2-1/2

[Event "Essent open"]
[Site "Hoogeveen"]
[Date "2005.10.23"]
[Round "3"]
[White "Vogel, Jaap"]
[Black "Van Geffen, Ben"]
[Result "1-0"]
[WhiteElo "2261"]
[BlackElo "2118"]
[PlyCount "163"]
[EventDate "2005.10.21"]

1. Nf3 c5 2. g3 Nc6 3. Bg2 Nf6 4. O-O d5 5. d4 e6 6. c4 dxc4 7. Qa4 Bd7 8. dxc5
Bxc5 9. Qxc4 Qb6 10. Nc3 Qb4 11. Qd3 Rd8 12. a3 Qg4 13. b4 Bb6 14. Bg5 Ne5 15.
Qd2 Qf5 16. Nh4 Qg4 17. Bxf6 gxf6 18. Ne4 Qg7 19. Nd6+ Ke7 20. Nxb7 Nc4 21. Qf4
Rc8 22. Rfd1 Qg5 23. Nd6 Rc7 24. Nxc4 Qxf4 25. Rxd7+ Rxd7 26. gxf4 Bd4 27. Rb1
Rc7 28. Na5 Rhc8 29. Be4 Rc1+ 30. Kg2 Rxb1 31. Bxb1 Bb2 32. b5 Bxa3 33. Nc6+
Kd6 34. Nxa7 Rc4 35. e3 Rc3 36. b6 Rb3 37. Be4 f5 38. Bf3 Kd7 39. b7 Kc7 40.
Nc6 Rxb7 41. Nd8 Rb8 42. Nxf7 Be7 43. Kg3 Rg8+ 44. Kh3 Kb6 45. Ng2 Kc5 46. Ne5
Kd6 47. Ne1 Bf6 48. N1d3 Rg7 49. e4 fxe4 50. Bxe4 Ke7 51. Ng4 Bd4 52. Ne3 Kf6
53. Ng4+ Ke7 54. Nde5 Kd6 55. Nf3 h5 56. Nxd4 Rxg4 57. Ne2 Rg8 58. Bf3 e5 59.
fxe5+ Kxe5 60. Bxh5 Ke4 61. Bg4 Rb8 62. Kg3 Rb3+ 63. Kg2 Rb2 64. h4 Ke5 65. Kg3
Rb3+ 66. f3 Ra3 67. Nf4 Kf6 68. Nh3 Kg6 69. Nf2 Kf6 70. Bd7 Ra7 71. Bc6 Rc7 72.
Be4 Rc1 73. Kf4 Ra1 74. h5 Kg7 75. Ng4 Ra4 76. Kg5 Ra5+ 77. Bf5 Rb5 78. h6+ Kh8
79. f4 Ra5 80. Ne5 Ra7 81. Bg6 Ra5 82. Kg4 1-0

[Event "Essent open"]
[Site "Hoogeveen"]
[Date "2005.10.23"]
[Round "3"]
[White "Woudt, Edwin"]
[Black "Vedder, Richard"]
[Result "0-1"]
[WhiteElo "2103"]
[BlackElo "2224"]
[PlyCount "36"]
[EventDate "2005.10.21"]

1. e4 e5 2. Nf3 Nc6 3. d4 exd4 4. Bc4 Nf6 5. e5 Ne4 6. Bd5 Nc5 7. O-O Ne6 8.
Nbd2 d6 9. Bxc6+ bxc6 10. Nb3 c5 11. Qe2 Be7 12. Re1 O-O 13. Bd2 Rb8 14. Na5
Rxb2 15. Nb3 Rxc2 16. Qd3 Rxd2 17. Qxd2 Bb7 18. Rac1 Bxf3 0-1

[Event "Essent open"]
[Site "Hoogeveen"]
[Date "2005.10.23"]
[Round "3"]
[White "Ouwendijk, Vincent"]
[Black "Van Ruitenburg, Joost"]
[Result "1-0"]
[WhiteElo "2107"]
[BlackElo "2216"]
[PlyCount "85"]
[EventDate "2005.10.21"]

1. e4 e5 2. Nf3 Nc6 3. Bb5 Nge7 4. O-O d6 5. h3 Bd7 6. c3 Ng6 7. d4 Be7 8. Be3
O-O 9. Nbd2 a6 10. Ba4 Kh8 11. Re1 f5 12. exf5 Bxf5 13. Bxc6 bxc6 14. dxe5 dxe5
15. Qa4 Qd5 16. c4 Qe6 17. Bg5 Bxh3 18. c5 Bxg2 19. Kxg2 Bxg5 20. Nxg5 Qd5+ 21.
Ndf3 Rf4 22. Qb3 Nh4+ 23. Kg3 Nf5+ 24. Kh2 Nd4 25. Qxd5 cxd5 26. Nxd4 exd4 27.
Nh3 Rf6 28. Re5 c6 29. Rd1 h6 30. Rxd4 Rb8 31. b4 g5 32. Re7 Rg8 33. Ra7 g4 34.
Nf4 Re8 35. Kg3 h5 36. Rxa6 h4+ 37. Kxg4 h3 38. Nxh3 Rg8+ 39. Ng5 Rxf2 40. Kg3
Rf5 41. Rh4+ Kg7 42. Kg4 Rf1 43. Rh7+ 1-0

[Event "Essent open"]
[Site "Hoogeveen"]
[Date "2005.10.23"]
[Round "3"]
[White "Ahlers, Ben"]
[Black "Holscher, Peter"]
[Result "1-0"]
[WhiteElo "2198"]
[BlackElo "2069"]
[PlyCount "87"]
[EventDate "2005.10.21"]

1. d4 d5 2. Nf3 c6 3. e3 Nf6 4. Bd3 Bg4 5. c4 e6 6. Qb3 Qb6 7. Qxb6 axb6 8. Ne5
Nbd7 9. Nxg4 Nxg4 10. f3 Ngf6 11. O-O Bd6 12. cxd5 Nxd5 13. Nc3 Nxc3 14. bxc3
O-O 15. f4 Ra5 16. e4 b5 17. Rf2 Rfa8 18. e5 Ba3 19. Be3 Nb6 20. Rb1 Nd5 21.
Bd2 Ra4 22. Rb3 Bf8 23. Bb1 g6 24. g4 Ra3 25. Kg2 Rxb3 26. axb3 Ra3 27. c4 bxc4
28. bxc4 Nb6 29. c5 Nc4 30. f5 Rb3 31. Ba2 Nxd2 32. Rxd2 Rb4 33. fxe6 Be7 34.
exf7+ Kf8 35. Kf3 Bg5 36. Rd3 Ra4 37. Be6 Ke7 38. Bb3 Ra1 39. e6 Rf1+ 40. Kg2
Rf6 41. d5 cxd5 42. Rxd5 Rxe6 43. Rxg5 Re2+ 44. Kf1 1-0

[Event "Essent open"]
[Site "Hoogeveen"]
[Date "2005.10.23"]
[Round "3"]
[White "Archangelsky, Mikhail"]
[Black "Potze, Rudolf"]
[Result "0-1"]
[WhiteElo "2293"]
[BlackElo "2128"]
[PlyCount "86"]
[EventDate "2005.10.21"]

1. d4 Nf6 2. c4 g6 3. Nc3 d5 4. cxd5 Nxd5 5. Bd2 Bg7 6. e4 Nb6 7. Be3 O-O 8.
Nf3 Bg4 9. Be2 Nc6 10. d5 Ne5 11. Nxe5 Bxe2 12. Nxf7 Bxd1 13. Nxd8 Bg4 14. Nxb7
Nc4 15. h3 Rab8 16. hxg4 Nxe3 17. fxe3 Rxb7 18. Nd1 Rb4 19. Rc1 Be5 20. b3 Rxe4
21. Rc4 Rff4 22. Rxe4 Rxe4 23. Kf2 Rxg4 24. Kf3 h5 25. Rh3 Rb4 26. Nf2 Bd6 27.
Nd3 Rb5 28. e4 a5 29. e5 Ba3 30. Ke4 a4 31. bxa4 Ra5 32. Rg3 Rxa4+ 33. Kf3 Kf7
34. Nf4 Bc1 35. Ne2 Bd2 36. Kf2 Rxa2 37. Rf3+ Kg7 38. e6 Bg5 39. Rd3 Kf6 40.
Kf3 Ke5 41. Ng3 Rd2 42. Rxd2 Bxd2 43. Ne4 Bb4 0-1

[Event "Essent open"]
[Site "Hoogeveen"]
[Date "2005.10.23"]
[Round "3"]
[White "Van der Veen, Jan"]
[Black "Hendriks, Peter"]
[Result "1/2-1/2"]
[WhiteElo "2196"]
[BlackElo "2121"]
[PlyCount "83"]
[EventDate "2005.10.21"]

1. e4 d5 2. exd5 Qxd5 3. Nc3 Qa5 4. d4 Nf6 5. Nf3 c6 6. Bc4 Bf5 7. Bd2 e6 8.
Nd5 Qd8 9. Nxf6+ gxf6 10. c3 Nd7 11. Nh4 Bg6 12. Qf3 Nb6 13. Bb3 Be7 14. g3 Qd7
15. Ng2 O-O-O 16. O-O-O Kb8 17. h4 h5 18. Qe2 Bf5 19. Ne3 Be4 20. Rhg1 Nd5 21.
Nc2 Bg6 22. c4 Nc7 23. Bc3 Ne8 24. Rge1 Nd6 25. Ba5 Rc8 26. Bd2 Ka8 27. c5 Nb5
28. Be3 Be4 29. Nb4 Bd8 30. f3 Bg6 31. Bf2 Ba5 32. Qc4 Bxb4 33. Qxb4 e5 34.
dxe5 Qf5 35. Qe4 Qxe4 36. fxe4 fxe5 37. a4 Nc7 38. Rd7 Rhd8 39. Red1 Rxd7 40.
Rxd7 Bxe4 41. Rxf7 Nd5 42. Bxd5 1/2-1/2

[Event "Essent open"]
[Site "Hoogeveen"]
[Date "2005.10.23"]
[Round "3"]
[White "Cako, Laszlo"]
[Black "Kulago, Alexander"]
[Result "1/2-1/2"]
[WhiteElo "2193"]
[BlackElo "2103"]
[PlyCount "97"]
[EventDate "2005.10.21"]

1. e4 e5 2. Nf3 Nc6 3. Bb5 g6 4. O-O Bg7 5. c3 Nge7 6. d4 exd4 7. cxd4 d5 8.
exd5 Nxd5 9. Re1+ Be6 10. Bg5 Qd6 11. Nc3 Nxc3 12. bxc3 O-O 13. Qd2 a6 14. Ba4
b5 15. Bb3 Bxb3 16. axb3 b4 17. Rad1 bxc3 18. Qxc3 Rfe8 19. Be3 Nb4 20. Qc4 Nd5
21. Ne5 Bxe5 22. dxe5 Nxe3 23. exd6 Nxc4 24. Rxe8+ Rxe8 25. d7 Rd8 26. bxc4 Kf8
27. c5 c6 28. Kf1 Ke7 29. Rd6 Rxd7 30. Rxc6 Ra7 31. Rb6 a5 32. Ke2 a4 33. Kd3
a3 34. Rb1 Kd7 35. Kc4 a2 36. Ra1 Kc6 37. Kb4 h5 38. Kc4 h4 39. h3 Ra5 40. Kb4
Rb5+ 41. Ka3 f5 42. Rxa2 Ra5+ 43. Kb3 Rxa2 44. Kxa2 Kxc5 45. Kb3 Kd4 46. Kc2
Ke4 47. Kd2 f4 48. Ke2 g5 49. f3+ 1/2-1/2

[Event "Essent open"]
[Site "Hoogeveen"]
[Date "2005.10.23"]
[Round "3"]
[White "Galje, Hans"]
[Black "Schelwokat, Peter"]
[Result "1-0"]
[WhiteElo "2135"]
[BlackElo "2076"]
[PlyCount "53"]
[EventDate "2005.10.21"]

1. d4 g6 2. c4 Bg7 3. Nc3 c5 4. d5 d6 5. e4 e5 6. f4 exf4 7. Bxf4 a6 8. Qa4+
Bd7 9. Qb3 Bc8 10. Bd3 Qc7 11. Nf3 Nd7 12. O-O Ngf6 13. e5 dxe5 14. Nxe5 Nxe5
15. Bxe5 Qd8 16. Ne4 Nxe4 17. Bxg7 Rg8 18. Bh6 Qh4 19. Rae1 Qxh6 20. Rxe4+ Kf8
21. Qb6 Qg5 22. h4 Qg3 23. Rf3 Qb8 24. Qd8+ Kg7 25. Qf6+ Kh6 26. Qg5+ Kg7 27.
Rxf7+ 1-0

[Event "Essent open"]
[Site "Hoogeveen"]
[Date "2005.10.24"]
[Round "4"]
[White "Brodsky, Michail"]
[Black "Baklan, Vladimir"]
[Result "1/2-1/2"]
[WhiteElo "2564"]
[BlackElo "2590"]
[PlyCount "32"]
[EventDate "2005.10.21"]

1. Nf3 c5 2. c4 Nf6 3. Nc3 Nc6 4. g3 g6 5. Bg2 d6 6. O-O Bg7 7. a3 O-O 8. Rb1
d5 9. cxd5 Nxd5 10. Nxd5 Qxd5 11. d3 Qd6 12. Be3 Bd7 13. Nd2 b6 14. b4 cxb4 15.
axb4 Rac8 16. Ne4 Qb8 1/2-1/2

[Event "Essent open"]
[Site "Hoogeveen"]
[Date "2005.10.24"]
[Round "4"]
[White "Atalik, Suat"]
[Black "Goloshchapov, Alexander"]
[Result "1-0"]
[WhiteElo "2620"]
[BlackElo "2523"]
[PlyCount "109"]
[EventDate "2005.10.21"]

1. d4 d5 2. c4 c6 3. Nf3 e6 4. b3 f5 5. g3 Nf6 6. Bg2 Bd6 7. O-O Qe7 8. Nc3 O-O
9. Bf4 Bxf4 10. gxf4 Nbd7 11. e3 Ne4 12. Qc2 b6 13. Rfc1 Bb7 14. cxd5 cxd5 15.
Bf1 Rac8 16. Qb2 Ndf6 17. Nd1 Ng4 18. Rxc8 Rxc8 19. Rc1 Rxc1 20. Qxc1 g5 21.
fxg5 Nxg5 22. Nxg5 Qxg5 23. Bg2 Qe7 24. f3 Nh6 25. Nf2 Ba6 26. Nh3 Nf7 27. Nf4
Nd8 28. Bf1 Bxf1 29. Kxf1 Kf8 30. Qc8 Ke8 31. Qb8 Kf7 32. Nd3 Ke8 33. Qe5 Kd7
34. Qh8 Kc7 35. Ne5 Kb7 36. a4 Kc7 37. b4 Kb7 38. Ke2 Kc7 39. b5 Kb7 40. Qg8 a6
41. h4 axb5 42. axb5 h5 43. Qg6 Qc7 44. Kf2 Qc1 45. Qg7+ Qc7 46. Qf8 f4 47.
Qxf4 Qc1 48. Qg5 Kc8 49. Qe7 Qb2+ 50. Kg3 Qxb5 51. Kf4 Nb7 52. Qxe6+ Kc7 53.
Qf7+ Kc8 54. Qxh5 Nd8 55. Qg4+ 1-0

[Event "Essent open"]
[Site "Hoogeveen"]
[Date "2005.10.24"]
[Round "4"]
[White "Rozentalis, Eduardas"]
[Black "Jonkman, Harmen"]
[Result "1/2-1/2"]
[WhiteElo "2585"]
[BlackElo "2446"]
[PlyCount "53"]
[EventDate "2005.10.21"]

1. d4 d5 2. Nf3 e6 3. Bg5 Be7 4. Bxe7 Qxe7 5. Nbd2 Nf6 6. e3 Nbd7 7. c4 e5 8.
cxd5 O-O 9. dxe5 Nxd5 10. Nc4 Nb4 11. a3 Nc6 12. Qc2 Ndxe5 13. Nfxe5 Nxe5 14.
Nxe5 Qxe5 15. Bd3 h6 16. O-O Be6 17. Rae1 Rad8 18. f4 Qd6 19. Bh7+ Kh8 20. Be4
Qb6 21. b4 Bd5 22. Bf5 Rfe8 23. Qc3 Be4 24. Bxe4 Rxe4 25. g3 c6 26. Kf2 Re7 27.
Rd1 1/2-1/2

[Event "Essent open"]
[Site "Hoogeveen"]
[Date "2005.10.24"]
[Round "4"]
[White "Kleijn, Christov"]
[Black "Kharitonov, Alexandr"]
[Result "1-0"]
[WhiteElo "2059"]
[BlackElo "2545"]
[PlyCount "71"]
[EventDate "2005.10.21"]

1. e4 c6 2. d4 d5 3. Nc3 dxe4 4. Nxe4 Nf6 5. Nxf6+ gxf6 6. Nf3 Bg4 7. Be2 Nd7
8. Bf4 Nb6 9. Qd3 Nd5 10. Bd2 Qc7 11. Qb3 O-O-O 12. O-O-O Nf4 13. Bc4 e6 14. g3
Nh3 15. Rhf1 c5 16. d5 Rd6 17. Rde1 Qd7 18. Nh4 exd5 19. Bb5 Qc7 20. Re8+ Rd8
21. Qxd5 Bh6 {Diagram #} 22. Qxd8+ Qxd8 23. Rxd8+ Rxd8 24. Bxh6 Nxf2 25. b3 Nd1
26. Bd2 Nb2 27. Ba5 b6 28. Kxb2 bxa5 29. Bd3 Rd6 30. Nf5 Re6 31. Rf4 h5 32. Rc4
Re5 33. Nd6+ Kd7 34. Nxf7 Rd5 35. Nh6 Be6 36. Rf4 1-0

[Event "Essent open"]
[Site "Hoogeveen"]
[Date "2005.10.24"]
[Round "4"]
[White "L'Ami, Erwin"]
[Black "Spoelman, Wouter"]
[Result "1/2-1/2"]
[WhiteElo "2541"]
[BlackElo "2362"]
[PlyCount "81"]
[EventDate "2005.10.21"]

1. d4 Nf6 2. c4 e6 3. Nc3 Bb4 4. Qc2 O-O 5. a3 Bxc3+ 6. Qxc3 b6 7. Bg5 Bb7 8.
Nf3 c5 9. dxc5 bxc5 10. e3 h6 11. Bh4 d6 12. Rd1 Qe7 13. Bd3 Nbd7 14. O-O e5
15. Bf5 g5 16. Bg3 Be4 17. Bxd7 Nxd7 18. Nd2 Bb7 19. b4 f5 20. f3 cxb4 21. axb4
Rac8 22. Qd3 Nb6 23. Ra1 Ba8 24. Ra5 Rf7 25. Rfa1 Rc7 26. e4 fxe4 27. fxe4 Qe6
28. c5 dxc5 29. bxc5 Nd7 30. Rxa7 Rxa7 31. Rxa7 Qc6 32. Qd6 Nxc5 33. Qd8+ Rf8
34. Qe7 Nd7 35. Ra1 Qb6+ 36. Kh1 Qd4 37. Qe6+ Kg7 38. Ra6 Rf6 39. Bxe5 Qxe5 40.
Qxd7+ Rf7 41. Qd6 1/2-1/2

[Event "Essent open"]
[Site "Hoogeveen"]
[Date "2005.10.24"]
[Round "4"]
[White "Habu, Yoshiharu"]
[Black "Cebalo, Miso"]
[Result "1/2-1/2"]
[WhiteElo "2341"]
[BlackElo "2512"]
[PlyCount "75"]
[EventDate "2005.10.21"]

1. e4 c5 2. Nf3 d6 3. d4 cxd4 4. Nxd4 Nf6 5. Nc3 g6 6. Be3 Bg7 7. f3 O-O 8. Qd2
Nc6 9. O-O-O d5 10. exd5 Nxd5 11. Nxc6 bxc6 12. Bd4 e5 13. Bc5 Be6 14. Ne4 Re8
15. Bc4 Qc7 16. h4 h6 17. g4 Red8 18. Qf2 Nf4 19. Bxe6 Nxe6 20. g5 Qa5 21. Kb1
h5 22. Bd6 Rac8 23. c3 Bf8 24. Nf6+ Kg7 25. Bxf8+ Kxf8 26. Qe3 Ke7 27. Rhe1 Qa4
28. b3 Qa5 29. Rxd8 Rxd8 30. Qxe5 Qxe5 31. Rxe5 Rd1+ 32. Kc2 Rh1 33. Ra5 Rxh4
34. Rxa7+ Kf8 35. Ra8+ Ke7 36. Ra7+ Kf8 37. Ra8+ Ke7 38. Ra7+ 1/2-1/2

[Event "Essent open"]
[Site "Hoogeveen"]
[Date "2005.10.24"]
[Round "4"]
[White "Van Beek, Alexander"]
[Black "Ernst, Sipke"]
[Result "0-1"]
[WhiteElo "2334"]
[BlackElo "2473"]
[PlyCount "78"]
[EventDate "2005.10.21"]

1. d4 f5 2. Nc3 Nf6 3. Bg5 d5 4. Bxf6 exf6 5. e3 Be6 6. Bd3 Nc6 7. Nce2 Qd7 8.
c3 Ne7 9. Nf3 Nc8 10. Nd2 Nd6 11. O-O Ne4 12. Rc1 Bd6 13. b3 c6 14. c4 O-O 15.
f3 Ng5 16. c5 Bc7 17. Qc2 Rae8 18. Nf4 g6 19. Rfe1 Bf7 20. g3 Re7 21. h4 Ne6
22. Nxe6 Bxe6 23. f4 Qe8 24. Kf2 Bd7 25. b4 Rff7 26. Nb1 Rg7 27. h5 gxh5 28.
Bxf5 h4 29. g4 h5 30. gxh5 Qxh5 31. Bxd7 h3 32. Qd1 Rg2+ 33. Kf1 Qh4 34. Qf3
Rg3 35. Qh1 Rexe3 36. Rxe3 Qxf4+ 37. Ke1 Qxe3+ 38. Kd1 Rg1+ 39. Kc2 Qxc1+ 0-1

[Event "Essent open"]
[Site "Hoogeveen"]
[Date "2005.10.24"]
[Round "4"]
[White "Slingerland, Fred"]
[Black "Souleidis, Georgios"]
[Result "0-1"]
[WhiteElo "2325"]
[BlackElo "2421"]
[PlyCount "126"]
[EventDate "2005.10.21"]

1. e4 c5 2. Nf3 Nc6 3. d4 cxd4 4. Nxd4 Qb6 5. Nb3 Nf6 6. Nc3 e6 7. Be3 Qc7 8.
f4 d6 9. Be2 a6 10. a4 b6 11. O-O Be7 12. Bf3 Rb8 13. e5 dxe5 14. Bxc6+ Qxc6
15. fxe5 Bb7 16. Rf2 Ne4 17. Nxe4 Qxe4 18. Bxb6 Qxe5 19. Qd4 Qxd4 20. Bxd4 Bd5
21. Bxg7 Rg8 22. Bd4 Rb4 23. Bc5 Rbg4 24. g3 Bd8 25. Nc1 h5 26. Ne2 Bc7 27.
Raf1 Bc4 28. b3 Bxe2 29. Rxe2 h4 30. Bf2 hxg3 31. hxg3 Bxg3 32. Bxg3 Rxg3+ 33.
Kf2 Ke7 34. Ke1 Rc3 35. Rf4 Rgc8 36. Kd1 a5 37. Rf5 R8c5 38. Rxc5 Rxc5 39. Kd2
f5 40. c3 Kf6 41. Re3 e5 42. Rd3 e4 43. Rd8 Ke5 44. b4 axb4 45. cxb4 Rc4 46.
Rb8 Kf4 47. a5 e3+ 48. Kd3 Re4 49. Ke2 Rd4 50. a6 Rd2+ 51. Ke1 Ra2 52. b5 Kf3
53. Rd8 Rh2 54. Kd1 Ra2 55. Ke1 f4 56. b6 Ra1+ 57. Rd1 Rxa6 58. Rb1 Ra8 59. b7
Rh8 60. Kd1 e2+ 61. Kc2 Kf2 62. Rh1 e1=Q 63. Rxh8 Qe4+ 0-1

[Event "Essent open"]
[Site "Hoogeveen"]
[Date "2005.10.24"]
[Round "4"]
[White "Hoeksema, Erik"]
[Black "Clemens, Adrian"]
[Result "1-0"]
[WhiteElo "2401"]
[BlackElo "2272"]
[PlyCount "107"]
[EventDate "2005.10.21"]

1. e4 c5 2. Nf3 d6 3. d4 cxd4 4. Nxd4 Nf6 5. Nc3 a6 6. Be3 e5 7. Nf3 Be7 8. Bc4
O-O 9. O-O Be6 10. Bb3 Qc7 11. Qe2 Rc8 12. Bxe6 fxe6 13. Ng5 Qd7 14. f4 exf4
15. Bxf4 h6 16. Nf3 e5 17. Bg3 Qe6 18. Rad1 Nbd7 19. Nh4 Bf8 20. h3 b5 21. a3
Rc4 22. Nf5 g6 23. Ne3 Nxe4 24. Nxe4 Rxe4 25. Qf3 Rxe3 26. Qxe3 d5 27. Kh1 Bg7
28. Rfe1 Nb6 29. b3 Re8 30. Bf2 Nd7 31. Qd3 Nf6 32. Qxg6 Qf7 33. Qd3 Qh5 34.
Kg1 Kh8 35. a4 Ne4 36. axb5 axb5 37. Rc1 Nxf2 38. Kxf2 e4 39. Qd2 d4 40. Kg1
Qe5 41. Qe2 Bf8 42. g4 Bd6 43. Qg2 e3 44. Re2 Rc8 45. Rf1 d3 46. cxd3 Rc3 47.
Qe4 Rxb3 48. Qg6 Rb2 49. Qxh6+ Kg8 50. Rxb2 e2 51. Qg6+ Kh8 52. Qh5+ Qxh5 53.
gxh5 Bc5+ 54. Kg2 1-0

[Event "Essent open"]
[Site "Hoogeveen"]
[Date "2005.10.24"]
[Round "4"]
[White "Sareen, Vishal"]
[Black "Doggers, Peter"]
[Result "1-0"]
[WhiteElo "2375"]
[BlackElo "2239"]
[PlyCount "49"]
[EventDate "2005.10.21"]

1. e4 c5 2. Nf3 d6 3. d4 cxd4 4. Nxd4 Nf6 5. Nc3 a6 6. Be3 e6 7. Be2 Be7 8. O-O
O-O 9. f4 Nc6 10. Kh1 Qc7 11. Qe1 Nxd4 12. Bxd4 b5 13. a3 Bb7 14. Qg3 Rae8 15.
Rae1 Bd8 16. e5 dxe5 17. Bxe5 Qb6 18. Bf3 Bxf3 19. Rxf3 Nh5 20. Qh3 Nf6 21. Rg3
Qf2 22. Rd1 Qxc2 {Diagram #} 23. Qh6 g6 24. Bxf6 Bxf6 25. Rh3 1-0

[Event "Essent open"]
[Site "Hoogeveen"]
[Date "2005.10.24"]
[Round "4"]
[White "Van Veen, Oscar"]
[Black "Willemze, Thomas"]
[Result "0-1"]
[WhiteElo "2207"]
[BlackElo "2363"]
[PlyCount "80"]
[EventDate "2005.10.21"]

1. e4 c6 2. Nc3 d5 3. Nf3 Bg4 4. h3 Bh5 5. exd5 cxd5 6. g4 Bg6 7. Bb5+ Nc6 8.
h4 f6 9. Nd4 Qd6 10. Qe2 e5 11. h5 Bf7 12. Nf5 Qc7 13. d3 Nge7 14. Bd2 O-O-O
15. Bxc6 Qxc6 16. Ng3 d4 17. Nce4 Kb8 18. O-O Nd5 19. c4 dxc3 20. bxc3 Ba3 21.
Rab1 Rhe8 22. Qf3 Nb6 23. h6 Rg8 24. Nf5 g6 25. Nfg3 Be7 26. c4 Be6 27. Bb4
Bxb4 28. Rxb4 f5 29. Ng5 Qxf3 30. Nxf3 Rxd3 31. Nxe5 Rd4 32. Re1 Rgd8 33. Rbb1
Bxc4 34. gxf5 gxf5 35. Nxf5 Rg8+ 36. Kh2 Rf4 37. Ng7 Rh4+ 38. Kg3 Rxh6 39. Rxb6
Rxg7+ 40. Kf4 axb6 0-1